| 000 | 01932cam a22003858i 4500 | ||
|---|---|---|---|
| 001 | 21415514 | ||
| 005 | 20230322163717.0 | ||
| 006 | m |o d | | ||
| 007 | cr ||||||||||| | ||
| 008 | 200130s2020 enk ob 001 0 eng | ||
| 010 | _a 2020001146 | ||
| 020 |
_a9781108613927 _q(epub) |
||
| 020 |
_z9781108484534 _q(hardback) |
||
| 040 |
_aDLC _beng _cDLC _erda |
||
| 042 | _apcc | ||
| 050 | 0 | 0 | _aQC20 |
| 082 | 0 | 0 |
_a530.1 _223 _bLON |
| 100 | 1 |
_aLongair, Malcolm S., _d1941- _eauthor. _9111171 |
|
| 245 | 1 | 0 |
_aTheoretical concepts in physics : _ban alternative view of theoretical reasoning in physics / _cMalcolm S. Longair, University of Cambridge. |
| 250 | _aThird edition. | ||
| 263 | _a2009 | ||
| 264 | 1 |
_aCambridge, United Kingdom ; _aNew York, NY : _bCambridge University Press, _c[2020] |
|
| 300 | _a1 online resource | ||
| 336 |
_atext _btxt _2rdacontent |
||
| 337 |
_acomputer _bc _2rdamedia |
||
| 338 |
_aonline resource _bcr _2rdacarrier |
||
| 504 | _aIncludes bibliographical references and indexes. | ||
| 520 |
_a"In this original and integrated approach to theoretical reasoning in physics, Malcolm Longair illuminates the subject from the perspective of real physics as practised by research scientists. Concentrating on the basic insights, attitudes and techniques that are the tools of the modern physicist, this approach conveys the intellectual excitement and beauty of the subject"-- _cProvided by publisher. |
||
| 588 | _aDescription based on print version record and CIP data provided by publisher; resource not viewed. | ||
| 650 | 0 | _aMathematical physics. | |
| 776 | 0 | 8 |
_iPrint version: _aLongair, Malcolm S., 1941- _tTheoretical concepts in physics _bThird edition. _dCambridge, United Kingdom ; New York, NY : Cambridge University Press, [2020] _z9781108484534 _w(DLC) 2020001145 |
| 906 |
_a7 _bcbc _corignew _d1 _eecip _f20 _gy-gencatlg |
||
| 942 |
_2ddc _cBK |
||
| 999 |
_c594141 _d594141 |
||